Major Deaths in Arrow as of Season Six - Statistics

General Stats
  • This quiz has been taken 55 times
    51 since last reset
  • The average score is 4 of 7
Answer Stats
Season Answer % Correct
Four Laurel
98%
One Tommy
90%
Two Moira
88%
Six Quentin
70%
Two Shado
43%
Four Amanda Waller
3%
Three Deadshot
0%
No matching quizzes found
Score Distribution
Percent of People with Each Score
Percentile by Number Answered
Your Score History
You have not taken this quiz since the last reset